Batman Villains Quiz - Statistics

General Stats
  • This quiz has been taken 193 times
  • The average score is 21 of 32
Answer Stats
Hint Answer % Correct
Clown Joker
100%
Short monocle guy Penguin
99%
Likes Riddles Riddler
99%
Has a split personality Two-Face
96%
Clowns Girlfriend Harley Quinn
95%
Loves Plants Poison Ivy
94%
Never misses his shots Deadshot
89%
Trying to Save His Dying Wife Mr Freeze
88%
Inspired by Ichabod Crane Scarecrow
88%
The man who broke Batman Bane
86%
Becomes more reptile like over the years Killer Croc
81%
Former Popular Actor at the Peak of his Career who can change his appearance Clayface
80%
Arsonist who can fly Firefly
80%
League of Assassins Ras Al Ghul
80%
Alice in Wonderland Mad Hatter
79%
Former Robin Red Hood
78%
Commonly clashes with the Teen Titans Deathstroke
76%
A killer who is obsessed with the date Calendar Man
70%
Killer who looks like Bruce Wayne Hush
66%
Mafia Leader and head of Sionis Industries Black Mask
65%
Killer who marks his victims on his body Victor Zsasz
59%
Insane surgeon who is obsessed with making humans "Perfect" Professor Pyg
57%
Church of Saint Dumas (Took over as Batman for a time) Azrael
51%
Batman's first mainstream villain who tries to mentally break Batman Hugo Strange
50%
Gotham Crime Family Leader Carmine Falcone
46%
Controls a Puppet (Or is the puppet controlling him?) The Ventriloquist
45%
Poisonous assassin prominently featured in Arkham Origins Copperhead
34%
Cult Leader (Mainly featured in Arkham Knight) Deacon Blackfire
31%
Other Gotham Crime Family Leader Salvatore Maroni
24%
Conjoined Twin who after Being Seperated sided with Joker (Arkham City) Hammer
22%
Other Twin who sided with Penguin (Arkham City) Sickle
22%
Brutal police officer who became a villain (First appeared in the Animated Series) Lockup
10%
No matching quizzes found
Score Distribution
Percent of People with Each Score
Percentile by Number Answered
Your Score History
You have not taken this quiz